| 000 | 00487nam a2200157 i 4500 | ||
|---|---|---|---|
| 001 | 29870 | ||
| 003 | ES-MaACL | ||
| 007 | t| | ||
| 008 | 030123s1967 mx ||||1| spa d | ||
| 100 | 1 |
_aBasch, Samuel. _926259 |
|
| 245 | 1 | 0 |
_aRecuerdos de México... _b: (1866 a 1867) / _cSamuel Basch ; obra traducida... por... Manuel Peredo. |
| 260 |
_aMéxico : _bEditora Nacional, _c1967. |
||
| 300 |
_a479 p. ; _c17 cm. |
||
| 700 | 1 |
_aPeredo, Manuel. _990460 |
|
| 852 |
_aES-MaACL _jE-9661 _bR.94161 |
||
| 999 |
_c29870 _d29870 |
||